The geology of water supply ; (Record no. 544639)
[ view plain ]
| 000 -LEADER | |
|---|---|
| fixed length control field | 00575cam a22001571 4500 |
| 082 ## - DEWEY DECIMAL CLASSIFICATION NUMBER | |
| Classification number | 551.35 |
| Author Mark | FOX |
| -- | L-15, P-36 |
| 100 1# - MAIN ENTRY--PERSONAL NAME | |
| Personal name | Fox, Cyril Sankey, |
| 9 (RLIN) | 40315 |
| 245 14 - TITLE STATEMENT | |
| Title | The geology of water supply ; |
| Remainder of title | a treatise dealing with the engineering geology aspects of water supply for all enquiring readers / |
| Statement of responsibility, etc. | by Cyril S. Fox. |
| 260 ## - PUBLICATION, DISTRIBUTION, ETC. | |
| Place of publication, distribution, etc. | London, |
| Name of publisher, distributor, etc. | Technical Press, |
| Date of publication, distribution, etc. | 1949. |
| 300 ## - PHYSICAL DESCRIPTION | |
| Extent | x, 209 p. |
| Other physical details | illus., |
| Dimensions | 26 cm. |
| 526 ## - STUDY PROGRAM INFORMATION NOTE | |
| Program name | 0 |
| Interest level | 0 |
| Reading level | 0 |
| Title point value | 551_350000000000000_FOX |
| 650 #0 - SUBJECT ADDED ENTRY--TOPICAL TERM | |
| Topical term or geographic name entry element | NUST / MCE |
| 9 (RLIN) | 26909 |
| 650 #0 - SUBJECT ADDED ENTRY--TOPICAL TERM | |
| Topical term or geographic name entry element | Physical geography. |
| 9 (RLIN) | 6660 |
| 650 #0 - SUBJECT ADDED ENTRY--TOPICAL TERM | |
| Topical term or geographic name entry element | Water-supply. |
| 942 ## - ADDED ENTRY ELEMENTS (KOHA) | |
| Source of classification or shelving scheme | |
| Koha item type | Book |
| Withdrawn status | Lost status | Source of classification or shelving scheme | Damaged status | Not for loan | Permanent Location | Current Location | Date acquired | Total Checkouts | Full call number | Barcode | Date last seen | Date last checked out | Price effective from | Koha item type |
|---|---|---|---|---|---|---|---|---|---|---|---|---|---|---|
| Military College of Engineering (MCE) | Military College of Engineering (MCE) | 05/08/2014 | 1 | 551.35 FOX | MCE-30402 | 05/09/2014 | 05/09/2014 | 05/08/2014 | Book |
